000 00849cam a2200241 a 4500
001 000003982
005 20200929150642.0
008 980331s1997 mx a 001 p spa d
040 _aDO-SdBNP
_cDLC
082 _a861.3
_bP967p
245 0 3 _aEl protoidioma en la poesía de Fernando de Herrera /
_cintroducción de Fredo Arias de la Canal ; prólogo de Ubaldo DiBenedetto.
260 _aMéxico :
_bFrente de Afirmación Hispanista,
_c1997.
300 _axlviii, 89 p. :
_bil. ;
_c23 cm.
500 _aIncluye índice onomástico
650 4 _aPoesía española
_9631
650 4 _aLiteratura española
_9632
600 1 4 _aHERRERA, FERNANDO DE,
_d1534-1597
_911948
700 1 _aArias de la Canal, Fredo,
_eintr.
_98096
700 1 _aDiBenedeto, Ubaldo,
_epról.
_911949
910 _aCatalogación por copia / LC
910 _aWM
049 _aBNGR
999 _c3801
_d3801